000 00742cam a22002413a 4500
001 31837
003 PGUSA
005 20140828083705.0
008 100401s2010||||xxu|||||s|||||000 1 eng d
040 _aPGUSA
_beng
042 _adc
050 4 _aPS
100 1 _aCornelius, Mary Ann Mann,
_d1829-1918
245 1 0 _aLittle Wolf :
_bA Tale of the Western Frontier
_h[electronic resource] /
_cMary Ann Mann Cornelius
260 _bProject Gutenberg,
_c2010
506 _aPublic domain in the USA.
516 _aElectronic text
653 _aFrontier and pioneer life -- United States -- Fiction
653 _aTemperance -- Fiction
830 0 _aProject Gutenberg
_v31837
856 4 0 _uhttp://www.gutenberg.org/ebooks/31837
942 _cEB
999 _c261092
_d261092